Constitution de l'éthique (Record no. 163633)

MARC details
000 -LEADER
campo de control de longitud fija 01018nam a22002295i 4500
001 - NÚMERO DE CONTROL
campo de control 163633
003 - IDENTIFICADOR DE NÚMERO DE CONTROL
campo de control ES-MaACL
005 - FECHA Y HORA DE LA ÚLTIMA TRANSACCIÓN
campo de control 20230906212759.0
008 - DATOS DE LONGITUD FIJA--INFORMACIÓN GENERAL
campo de control de longitud fija 990701s1900 fr |||| | fre d
040 ## - FUENTE DE CATALOGACIÓN
Centro catalogador/agencia de origen GA
Lengua de catalogación spa
Centro/agencia transcriptor CCPB | 3D
100 0# - ENTRADA PRINCIPAL--NOMBRE DE PERSONA
Nombre de persona Roberty, Eugène de.
9 (RLIN) 97861
245 10 - MENCIÓN DEL TÍTULO
Título Constitution de l'éthique
Resto del título : quatrième essai sur la morale considerée comme sociologie élémentaire /
Mención de responsabilidad, etc. par E. de Roberty.
260 ## - PUBLICACIÓN, DISTRIBUCIÓN, ETC.
Lugar de publicación, distribución, etc. Paris :
Nombre del editor, distribuidor, etc. Félix Alcan,
Fecha de publicación, distribución, etc. 1900 (
Lugar de fabricación/manufactura Coulommiers :
Fabricante Imp. Paul Brodard)
300 ## - DESCRIPCIÓN FÍSICA
Extensión 223 p. ;
Dimensiones 19 cm.
490 1# - MENCIÓN DE SERIE
Mención de serie L'éthique
490 1# - MENCIÓN DE SERIE
Mención de serie Bibliothèque de philosophie contemporaine
752 ## - ENTRADA AGREGADA--NOMBRE JERÁRQUICO DEL LUGAR
País o entidad superior Francia -
Ciudad París
830 0# - PUNTO DE ACCESO ADICIONAL DE SERIE-TÍTULO UNIFORME
Título uniforme L'éthique
9 (RLIN) 222289
830 0# - PUNTO DE ACCESO ADICIONAL DE SERIE-TÍTULO UNIFORME
Título uniforme Bibliothèque de philosophie contemporaine
9 (RLIN) 181027
852 ## - LOCALIZACIÓN
Ubicación ES-MaACL
Número de control de estantería F-11723
Nota libre -- Enc. hol. conservando la cub. original
Encuadernación -- Edic.: La serie son: (Bilbiothéque de philosophie contemporaine. L'éthique; 4), la primera consta en la cub. original, la segunda en port. y el nº en antep.
Holdings
Estatus retirado Estado de pérdida Estado de daño No para préstamo Colección Biblioteca de origen Biblioteca actual Ubicación en estantería Fecha de adquisición Fuente de adquisición Total de préstamos Signatura topográfica completa Código de barras Visto por última vez Precio de reemplazo Tipo de ítem Koha
        Libros del s. XIX Biblioteca del Ateneo de Madrid Biblioteca del Ateneo de Madrid Sala Pecera Planta 2 17/01/2008     F-11723 1171475 23/02/2023 23/02/2023 Libro impreso antiguo